Estudio comparativo del aprendizaje en tercero de secundaria en México 2005-2008. Español y Matemáticas.

Guardado en:
書目詳細資料
企業作者: Instituto Nacional para la Evaluación de la Educación (INEE)
其他作者: Sánchez Moguel, Andrés coord (autor) coord, (autor), Andrade Muñoz, Edgar coord (autor) coord, (autor)
格式: 圖書
語言:西班牙语
主題:
標簽: 添加標簽
沒有標簽, 成為第一個標記此記錄!

MARC

LEADER 00000nam^a2200000^u^4500
001 000525589
005 20250521000000.0
008 130320s10001000^^^^cr^^r^^^^^000^0^spa^d
009 20260310130650.127
022 |a 9786077675419 
035 |a FCE 000069834 
037 |a Acervo ITESO - Biblioteca 
041 |a spa 
082 0 4 |a 371.26  |b INSe 
110 |a Instituto Nacional para la Evaluación de la Educación (INEE) 
245 1 0 |a Estudio comparativo del aprendizaje en tercero de secundaria en México 2005-2008. Español y Matemáticas. 
264 |a México:  |b INEE,  |c 2012. 
300 |a 62 p. 
336 |a texto  |b txt  |2 rdacontenido 
337 |a sin mediación  |b n  |2 rdamedio 
338 |a volumen  |b nc  |2 rdasoporte 
649 |a XX 
650 |a Análisis comparativo 
650 |a Informe 
650 |a Educación secundaria 
650 |a Logro académico 
650 |a Evaluación educativa 
700 |a Sánchez Moguel, Andrés  |e coord  |e (autor) 
700 |a Andrade Muñoz, Edgar  |e coord  |e (autor) 
910 |a Fondo Centro de Estudios Educativos 
920 |a Impresos - Libros 
930 |a Fondos Especiales 
905 |a 133 
901 |a ALE073810  |b IT2  |c CEE  |u 20250521 
902 |a https://opac.biblio.iteso.mx/vufind/Record/000525589